The Building top 50. (Record no. 60550)
[ view plain ]
| 000 -LEADER | |
|---|---|
| fixed length control field | 00602cam a2200193 4500 |
| 001 - CONTROL NUMBER | |
| control field | ABS60886 |
| 008 - FIXED-LENGTH DATA ELEMENTS--GENERAL INFORMATION | |
| fixed length control field | 000000n1999 000 0 eng u |
| 035 ## - SYSTEM CONTROL NUMBER | |
| System control number | (Sirsi) u101406 |
| 100 ## - MAIN ENTRY--PERSONAL NAME | |
| Personal name | Hewes, M. |
| 245 #4 - TITLE STATEMENT | |
| Title | The Building top 50. |
| 260 ## - PUBLICATION, DISTRIBUTION, ETC. | |
| Date of publication, distribution, etc. | 1999 |
| 490 ## - SERIES STATEMENT | |
| Series statement | Building |
| Volume/sequential designation | 264(8098) 23 July 1999, 43-48(6) |
| 520 ## - SUMMARY, ETC. | |
| Summary, etc. | Survey of the top 50 contractors and housebuilders. Tables of rankings by turnover, pre-tax profit, operating margins and employees average pay. |
| 650 ## - SUBJECT ADDED ENTRY--TOPICAL TERM | |
| Topical term or geographic name entry element | CONTRACTORS |
| 650 ## - SUBJECT ADDED ENTRY--TOPICAL TERM | |
| Topical term or geographic name entry element | HOUSE BUILDERS |
| 690 ## - LOCAL SUBJECT ADDED ENTRY--TOPICAL TERM (OCLC, RLIN) | |
| Topical term or geographic name as entry element | BUILT ENVIRONMENT |
| 700 ## - ADDED ENTRY--PERSONAL NAME | |
| Personal name | White, D. |
| 942 ## - ADDED ENTRY ELEMENTS (KOHA) | |
| Suppress in OPAC | 0 |
| Withdrawn status | Lost status | Source of classification or shelving scheme | Damaged status | Not for loan | Home library | Current library | Shelving location | Date acquired | Total Checkouts | Full call number | Barcode | Date last seen | Copy number | Price effective from | Koha item type |
|---|---|---|---|---|---|---|---|---|---|---|---|---|---|---|---|
| Dewey Decimal Classification | London | London | Journal article | 04/11/1999 | ABS60886 | 101406-1001 | 06/08/2019 | 1 | 06/08/2019 | Journal article |